000 00559nam a2200205Ia 4500
005 20250923144642.0
008 008 250917s9999 xx 000 0 eng d
037 _aTextual
040 _aDSWL
_beng
_cDSWL
041 _aeng
_2eng
084 _aY1Z7, J8
_qDSWL
100 _aHuxley, Aldous
_9827021
245 0 _aBrave new world renisited
_cby Aldous Huxley
260 _aLondon
_bChatto & Windus
_c1959
300 _a163p.
365 _aINR
_b12 6
925 _g12 6
942 _cTEXL
_hY1Z7, J8
999 _c1441638
_d1441638